| 000 | 00393nam a2200169Ia 4500 | ||
|---|---|---|---|
| 001 | 4697 | ||
| 003 | IN-NITTTR | ||
| 005 | 20251114233002.0 | ||
| 008 | 251113s9999||||xx |||||||||||||| ||eng|| | ||
| 040 | _beng | ||
| 040 | _cIN-NITTTR | ||
| 041 | _aeng | ||
| 082 | _a620.076 D286G | ||
| 100 | _aDavies, M. | ||
| 245 | 0 |
_aGraded exercises in engineering science. / _cDavies, M. |
|
| 942 |
_2ddc _cBK |
||
| 999 |
_c7333 _d7333 |
||